00527nam a2200145Ia 4500003000900000008004100009020002600050040001600076100001900092245008200111260003200193300002000225490003300245856010300278IN-BaIIA211028s9999 xx s 000 0 eng d a9780819427915 (Print) cIIA Library aZhu, Jing, ed. 0a1997 Shanghai International Conference on Laser Medicine and Surgeryh[eBook] aWashington, USAbSPIEc1998 aOnline resource aProceedings of SPIE; V. 3344 uhttps://www.spiedigitallibrary.org/conference-proceedings-of-spie/3344yClick Here to Access eBook